| 000 | 00399 a2200145 4500 | ||
|---|---|---|---|
| 005 | 20250613071906.0 | ||
| 020 | _a0-538-07080-3 | ||
| 082 | _aLECT 658.54 LAU | ||
| 100 | _aLAUFER, A. C. | ||
| 245 | _aOperations management | ||
| 250 | _a2nd Ed. | ||
| 260 |
_aOhio, _bSouth Western, _c1979. |
||
| 300 |
_aix, 656p.: ill.; chart, figure, graph, picture, table. _bIndex, _c23cm. |
||
| 942 |
_2ddc _cBKS |
||
| 999 |
_c3931 _d3931 |
||